000 00457 a2200145 4500
999 _c3757
_d3757
020 _a1901888304
050 _aLB1715REE2003
100 _aReece,Ian and Walker,Stephen
_eauthors
245 _aTeaching,Training and Learning :
_bA practical guide /
_cIan Reece and Walker Stephen
264 _aSunderland:
_bBusiness Education Publishers Limited,
_c2003
300 _a438p. :
500 _aincludes index
650 _aLearning
942 _2lcc
_cBK
_h1715
_iRee
_kLB